| 000 -LEADER |
| fixed length control field |
00983nam a22003017a 4500 |
| 001 - CONTROL NUMBER |
| control field |
4340 |
| 003 - CONTROL NUMBER IDENTIFIER |
| control field |
BD-DhUAP |
| 005 - DATE AND TIME OF LATEST TRANSACTION |
| control field |
20200116145709.0 |
| 008 - FIXED-LENGTH DATA ELEMENTS--GENERAL INFORMATION |
| fixed length control field |
20 s1998 maua b 001 0 eng d |
| 020 ## - INTERNATIONAL STANDARD BOOK NUMBER |
| International Standard Book Number |
0071093273 |
| 020 ## - INTERNATIONAL STANDARD BOOK NUMBER |
| International Standard Book Number |
0256252777 |
| 040 ## - CATALOGING SOURCE |
| Original cataloging agency |
DLC |
| Transcribing agency |
DLC |
| Modifying agency |
BD-DhUAP |
| Language of cataloging |
Eng |
| 082 00 - DEWEY DECIMAL CLASSIFICATION NUMBER |
| Edition number |
23 |
| Classification number |
004.6 HUT |
| 100 1# - MAIN ENTRY--PERSONAL NAME |
| Personal name |
Hutchinson, Sarah E. |
| 245 10 - TITLE STATEMENT |
| Title |
Computers, communications, and information : |
| Remainder of title |
a user's introduction / |
| Statement of responsibility, etc. |
Sarah E. Hutchinson and Stacey C. Sawyer ; with contributions by Glen J. Coulthard. |
| 250 ## - EDITION STATEMENT |
| Edition statement |
Rev. ed. |
| 260 ## - PUBLICATION, DISTRIBUTION, ETC. |
| Place of publication, distribution, etc. |
Boston : |
| Name of publisher, distributor, etc. |
Irwin/McGraw-Hill, |
| Date of publication, distribution, etc. |
c1998. |
| 300 ## - PHYSICAL DESCRIPTION |
| Extent |
various pages : |
| Other physical details |
illustrations ; |
| Dimensions |
28 cm. |
| 504 ## - BIBLIOGRAPHY, ETC. NOTE |
| Bibliography, etc. note |
Includes bibliographical references and index. |
| 650 #0 - SUBJECT ADDED ENTRY--TOPICAL TERM |
| Topical term or geographic name entry element |
Computers. |
| 650 #0 - SUBJECT ADDED ENTRY--TOPICAL TERM |
| Topical term or geographic name entry element |
Information technology. |
| 650 #0 - SUBJECT ADDED ENTRY--TOPICAL TERM |
| Topical term or geographic name entry element |
Telecommunication systems. |
| 700 1# - ADDED ENTRY--PERSONAL NAME |
| Personal name |
Sawyer, Stacey C. |
| 700 1# - ADDED ENTRY--PERSONAL NAME |
| Personal name |
Coulthard, Glen J. |
| 942 ## - ADDED ENTRY ELEMENTS (KOHA) |
| Source of classification or shelving scheme |
|
| Koha item type |
Book |